000 00408nam a2200169Ia 4500
001 19431
003 IN-NITTTR
005 20251114233224.0
008 251113s9999||||xx |||||||||||||| ||eng||
040 _beng
040 _cIN-NITTTR
041 _aeng
082 _a005.26 J651A
100 _aJones, D. S.
245 0 _aAssembly programming and the 8086 microprocessor. /
_cJones, D. S.
942 _2ddc
_cBK
999 _c22065
_d22065